00876 2200301 4500001002100000005001500021035002000036007000300056008004100059020002200100040002200122082001400144084001600158090002200174100002900196245006500225250002600290300004800316650001600364850001200380504002500392264003900417336002100456337003000477338002300507999002200530990002200552INLIS00000000085981920210511101208 a0010-0521000400ta210511s2021 yoia g ind d a978-623-6913-02-4 aYOPDYOGbinderda04223a614.4 a614.4 NUG e aCB-D.11 2021-02270 aNugroho Susantoepenulis10aEpidemiologi pencegahan penyakit /cpenulis, Nugroho Susanto aCetakan pertama: 2021 axvi, 115 halaman :btabel, diagram ;c23 cm 4aEpidemologi aYOPDYOG aTerdapat bibliografi31aSleman :bGosyen Publishing,c2021 2rdacontentateks 2rdamediaatanpa perantara 2rdacarrieravolume aCB-D.11/2021-0227 aCB-D.11/2021-0227